Famous Names In Other Words Quiz Stats

 Plays Quiz Updated Feb 29, 2012

Challenge
Share
Tweet
Embed
Score 0/32 Timer 08:00
0 Plays Today
Clue Answer % Correct
Male turkey Tom Cruise
73%
'I am serious, and don't call me _____'Shirley Temple
72.6%
Tramp's partner in Disney filmLady Gaga
71.4%
1960's Magic Dragon Puff Daddy
69.2%
Hey _____
(Beatles song)
Jude Law
69.2%
Woman's short haircutBob Hope
68.2%
French for wineVin Diesel
67.1%
Kind of goatBilly Crystal
64.7%
Walt Disney World siteOrlando Bloom
60.7%
Protestant or CatholicChristian Bale
60.1%
Baby kangarooJoey Bishop
58.7%
Steal fromRob Zombie
58.1%
Aston _____Martin Short
56%
Shere-Khan or HobbesTiger Woods
51.5%
American toffee candy barHeath Ledger
51.1%
Slang term for washroomJohn Denver
50.2%
Clue Answer % Correct
Belief not based on proofFaith Hill
49.4%
Nickname for GM's highest-selling brandChevy Chase
44.1%
Site of Michelangelo's DavidFlorence Nightingale
43.7%
Slang for coffeeJoe Montana
42.2%
What an angry person seesRed Buttons
42%
PalBuddy Holly
39.9%
Slang for a diamond ringRock Hudson
38.6%
Term for a drug in someone's drinkMickey Mantle
24.8%
InvoiceBill Gates
23.3%
Picard predecessorKirk Douglas
22.3%
Small fastenerBrad Pitt
21.3%
Open with a crowbarJimmy Page
18.4%
PlumpChubby Checker
18.3%
To toss or throw outChuck Berry
17.9%
A light tap or slapPat Summitt
16.7%
Former German currencyMark Twain
14.6%

You're not logged in!

Compare scores with friends on all Sporcle quizzes.
Join for Free
OR
Log In

You Might Also Like...

Show Comments

Extras

Top Quizzes Today


Score Distribution

Your Account Isn't Verified!

In order to create a playlist on Sporcle, you need to verify the email address you used during registration. Go to your Sporcle Settings to finish the process.

Report this User

Report this user for behavior that violates our Community Guidelines.

Details: